Online
Catalog

El adolescente / (Record no. 23211)

MARC details
000 -CABECERA
campo de control de longitud fija 00611nam a2200181 a 4500
001 - NÚMERO DE CONTROL
campo de control 000023715
005 - FECHA Y HORA DE LA ÚLTIMA TRANSACCIÓN
campo de control 20200930022418.0
008 - DATOS DE LONGITUD FIJA--INFORMACIÓN GENERAL
campo de control de longitud fija 101221s2000 mx 000 0 spa d
040 ## - FUENTE DE LA CATALOGACIÓN
Centro catalogador/agencia de origen DO-SdBNP
Lengua de catalogación spa
Centro/agencia transcriptor BNPHU
082 ## - NÚMERO DE LA CLASIFICACIÓN DECIMAL DEWEY
Número de clasificación nnnn
Número de documento/Ítem D878a
100 1# - ENTRADA PRINCIPAL--NOMBRE DE PERSONA
Nombre de persona Dulanto Gutiérrez, Enrique
9 (RLIN) 48836
245 13 - MENCIÓN DE TÍTULO
Título El adolescente /
Mención de responsabilidad, etc. Enrique Dulanto Gutiérrez.
260 ## - PUBLICACIÓN, DISTRIBUCIÓN, ETC.
Lugar de publicación, distribución, etc. México :
Nombre del editor, distribuidor, etc. Asociación Mexicana de Pediatria
-- mcgraw-hill, Interamericana,
Fecha de publicación, distribución, etc. 2000.
300 ## - DESCRIPCIÓN FÍSICA
Extensión xxxii, 1373 p. :
Otras características físicas il. ;
Dimensiones 29 cm.
500 ## - NOTA GENERAL
Nota general Incluye índice
590 ## - NOTA LOCAL (RLIN)
Nota local Inventariado, 2019 /LP
710 2# - PUNTO DE ACCESO ADICIONAL--NOMBRE DE ENTIDAD CORPORATIVA
Nombre de entidad corporativa o nombre de jurisdicción como elemento de entrada Asociación Mexicana de Pediatria
9 (RLIN) 48837
Holdings
Estado de retiro Estado de pérdida Restricciones de uso No para préstamo Código de colección Localización permanente Ubicación/localización actual Ubicación en estantería Fecha de adquisición Número de inventario Total de préstamos Signatura topográfica completa Código de barras Fecha visto por última vez Precio válido a partir de Tipo de ítem Koha
      Excluido de préstamo Monografías: Libros y Folletos General General Depósito 21.12.2010 LF1   nnnn D878a 23715-10 25.06.2020 25.06.2020 No se presta

Powered by Koha